000 00478nam a2200169 i 4500
001 43166
003 ES-MaACL
005 20230906160737.0
007 t|
008 030317m19631966sp ||||1| spa d
245 0 0 _aVI Certamen Literario
_b: 1959.
260 _a[S.l.] :
_bCentro de Lectura Reus,
_c1963-1966.
300 _a2 v., 4 lám. ;
_c22 cm.
710 2 _aCentro de Lectura Reus.
_92714
740 0 _aSexto Certamen Literario.
852 _aES-MaACL
_jC-31085-6
_bR.61723
999 _c43166
_d43166